000
00280nam a2200109Ia 4500
005
20251222152607.0
008
251222s9999||||xx |||||||||||||| ||spa||
082
_a
632.5/C48/Ej.2
100
_a
Cerna Bazán, Luis Antonio
245
0
_a
Ciencia y Tecnología de Malezas
942
_c
LIB
999
_c
26813
_d
26813